| 000 | 01058 a2200181 4500 | ||
|---|---|---|---|
| 003 | Nust | ||
| 005 | 20220817133624.0 | ||
| 020 | _a9780070648210 | ||
| 040 | _cNust | ||
| 082 | _a005.133,VEN | ||
| 100 |
_a Venugopal, K R _997814 |
||
| 245 |
_aProblems and solutions in C++ / _cK R Venugopal |
||
| 260 |
_aNew Delhi _bMcGraw-hill _c2008. |
||
| 300 | _a237p .: | ||
| 505 | _aData Types and Operations (Page-10, Control Flow (Page-18), Arrays and Strings (Page-29), Modular Programming with Functions (Page-48), Structure and Unions (Page-68), Pointer and Runtime Binding (Page-86), Classes and Objects (Page-106), Dynamic Objects and Initialization (Page-114), Operator and Function Overloading (Page-128), Inheritance (Page-141), Dynamics Memory Allocation (Page-149), Generic Program with Templates (Page-158), Streams Computation with Console and Files (Page-165), Predecessor (Page-170), General Problems (Page-186), Frequently Asked Quotations (Page-224), Quick Reference (Page-230). | ||
| 650 | _aComputer programming | ||
| 942 |
_2ddc _cBK _k005.133,VEN |
||
| 999 |
_c208638 _d208638 |
||